The Good Witch - Maisie Peters - Statistics

General Stats
  • This quiz has been taken 82 times
  • The average score is 13 of 15
Answer Stats
Hint Answer % Correct
1 The Good Witch
100%
9 Wendy
94%
8 Lost The Breakup
93%
4 Body Better
91%
15 History Of Man
90%
2 Coming Of Age
88%
10 Run
88%
14 There It Goes
85%
5 Want You back
85%
7 You're Just A Boy
85%
11 Two Weeks Ago
84%
3 Watch
82%
12 BSC
81%
13 Therapy
79%
6 The Band And I
76%
No matching quizzes found
Score Distribution
Percent of People with Each Score
Percentile by Number Answered
Your Score History
You have not taken this quiz